National urbanization policies in developing countries (Record no. 224605)

000 -LEADER
fixed length control field 00454cam a22001457a 4500
008 - FIXED-LENGTH DATA ELEMENTS--GENERAL INFORMATION
fixed length control field 180718b1979 xxu||||| |||| 00| 0 eng d
082 ## - DEWEY DECIMAL CLASSIFICATION NUMBER
Classification number B131 In8
100 ## - MAIN ENTRY--PERSONAL NAME
Personal name Renaud, Bertrand
245 ## - TITLE STATEMENT
Title National urbanization policies in developing countries
Statement of responsibility, etc. By Bertrand Renaud
260 ## - PUBLICATION, DISTRIBUTION, ETC.
Place of publication, distribution, etc. Washington, D.C.
Name of publisher, distributor, etc. IBRD
Date of publication, distribution, etc. 1979
300 ## - PHYSICAL DESCRIPTION
Extent 225p.
440 ## - SERIES STATEMENT/ADDED ENTRY--TITLE
Title World Bank Staff Working Papers, No.347
650 ## - SUBJECT ADDED ENTRY--TOPICAL TERM
Topical term or geographic name entry element Urbanization - Underdeveloped areas
700 ## - ADDED ENTRY--PERSONAL NAME
Personal name IBRD
Holdings
Withdrawn status Lost status Damaged status Not for loan Permanent Location Current Location Date acquired Full call number Barcode Date last seen Price effective from Koha item type
        Indian Institute of Public Administration Indian Institute of Public Administration 1993-05-08 B131 In8 WB347 2018-07-20 2018-07-20 WB

Powered by Koha